000
00200 a2200097 4500
020
_a
9789992467046
041
_a
spa
100
_a
Salvador Cardenal Barquero
245
_a
Montaą en Flor
942
_c
BK
999
_c
12818
_d
12818